Radio network planning and optimization for UMTS
Αποθηκεύτηκε σε:
| Άλλοι συγγραφείς: | , , |
|---|---|
| Μορφή: | Βιβλίο |
| Γλώσσα: | English |
| Δημοσίευση: |
Chichester, England ; Hoboken, NJ :
Wiley,
c2006.
|
| Έκδοση: | 2η έκδ. |
| Θέματα: | |
| Ετικέτες: |
Προσθήκη ετικέτας
Δεν υπάρχουν, Καταχωρήστε ετικέτα πρώτοι!
|
MARC
| LEADER | 00000cam a2200000 i 4500 | ||
|---|---|---|---|
| 001 | 1/62941 | ||
| 008 | 071114s2006 enk ||| | eng|| | ||
| 020 | |a 9780470015759 | ||
| 020 | |a 0470015756 | ||
| 035 | |l 10092284 | ||
| 040 | |a GR-MyUA |b gre |e AACR2 | ||
| 041 | 0 | |a eng | |
| 082 | 0 | |a 621.384 |2 (22) | |
| 245 | 1 | 0 | |a Radio network planning and optimization for UMTS / |c edited by Jaana Laiho and Achim Wacker, Tomas Novo sad. |
| 250 | |a 2η έκδ. | ||
| 260 | |a Chichester, England ; |a Hoboken, NJ : |b Wiley, |c c2006. | ||
| 300 | |a xxxi, 629 σ. : |b εικ. ; |c 25 εκ. | ||
| 504 | |a Περιέχει βιβλιογραφικές παραπομπές και ευρετήριο. | ||
| 650 | 0 | 0 | |a Global system for mobile communications. |
| 650 | 0 | 0 | |a Radio |x Transmitters and transmission. |
| 650 | 0 | 0 | |a Code division multiple access. |
| 700 | 1 | |a Laiho, Jaana, |e edtf | |
| 700 | 1 | |a Wacker, Achim, |e edt | |
| 700 | 1 | |a Novosad, Tomas, |e edt | |
| 852 | |a INST |b SAMOS |e 20071114 |h 621.384 RAD |p 005300027783 |q 005300027783 |t BK |y 0 | ||
| 852 | |a INST |b SAMOS |e 20081007 |h 621.384 RAD |p 005300029950 |q 005300029950 |t BK |y 0 | ||
| 901 | |a BIBL3-2008-3 | ||
| 901 | |a BIBL3-2007-3 | ||
| 909 | |a Σ |b 134824 | ||
| 909 | |a Σ |b 139954 | ||
| 922 | |a 3ΕΛΗ |b 200612 |c ΕΠΕΑΕΚ2/ΜΕΤ-ΤΜΠΕΣ |d ΜΙΧΑΛΟΠΟΥΛΟΣ | ||
| 922 | |a 3ΕΛΗ |b 200710 |c ΕΠΕΑΕΚ2/ΤΜΠΕΣ |d ΠΑΠΑΣΩΤΗΡΙΟΥ | ||
| 970 | |a ΚΟΣΙΕΡΗΣ |b ΧΡΗΣΤΟΣ |z 2007/11/14 | ||